• 首页
  • 本馆介绍
  • 公告通知
  • 最新文献
  • 馆藏检索
  • 电子资源
  • 读者导购
  • 参考咨询
  • 我的图书馆
  • 登录
  • 详细信息显示
  • 放入我的书架
  • 预约/预借图书
  • 作者相关作品
  • 分类相关作品
  • 丛书相关作品
  • 出版社相关作品

书目信息

  • 表格格式
  • 工作单格式
  • 卡片格式
题名:
金融监管法律制度研究
    
 
作者: 孟咸美 著
分册:  
出版信息: 北京   经济日报出版社  2014
页数: 222页
开本: 24cm
丛书名: 学术之星文库
单 册:
中图分类: D922.280.4
科图分类:
主题词: 金融监管--金融法--研究--中国
电子资源:
ISBN: 978-7-80257-694-0
000 01036nam0 2200277 450
001 339208
005 20150604095217.68
010    @a978-7-80257-694-0@b精装@dCNY68.00
100    @a20141226d2014 em y0chiy50 ea
101 0  @achi
102    @aCN@b110000
105    @ay z 000yy
106    @ar
200 1  @a金融监管法律制度研究@Ajin rong jian guan fa lv zhi du yan jiu@d= Research on financial supervision legal system@f孟咸美著@zeng
210    @a北京@c经济日报出版社@d2014
215    @a222页@d24cm
225 1  @a学术之星文库
300    @a江苏省社会科学基金项目最终成果 扬州大学出版基金资助
330    @a本书以金融监管体制为主线, 以历史的、比较的分析为基础, 综合运用了经济分析、制度分析等分析方法, 对国内外金融监管体制作了比较研究。
410  0 @12001 @a学术之星文库
510 1  @aResearch on financial supervision legal system@zeng
606 0  @a金融监管@x金融法@x研究@y中国
690    @aD922.280.4@v5
701  0 @a孟咸美@Ameng xian mei@f(1963)@4著
801  0 @aCN@b卓展宏图@c20150525
905    @dD922.280.4@e1249@f4
    
    金融监管法律制度研究= Research on financial supervision legal system/孟咸美著.-北京:经济日报出版社,2014
    222页;24cm.-(学术之星文库)
    江苏省社会科学基金项目最终成果 扬州大学出版基金资助
    
    ISBN 978-7-80257-694-0(精装):CNY68.00
    本书以金融监管体制为主线, 以历史的、比较的分析为基础, 综合运用了经济分析、制度分析等分析方法, 对国内外金融监管体制作了比较研究。
●
相关链接 在E读中查询图书 在五车中查询图书 在当当中查询图书 在豆瓣中查询图书


正题名:金融监管法律制度研究     索取号:D922.280.4/1249         预约/预借

序号 登录号 条形码 馆藏地/架位号 状态 备注
1 859875   208598757   第一样本阅览室/ [索取号:D922.280.4/1249] 在馆    
2 859876   208598766   密集书库-史法系/ [索取号:D922.280.4/1249] 在馆    
3 859877   208598775   第一借阅区/ [索取号:D922.280.4/1249] 在馆    
4 859878   208598784   第一借阅区/ [索取号:D922.280.4/1249] 在馆    
唐山师范学院图书馆 欢迎您!
大连网信软件有限公司© 版权所有